000 00613nam a2200169 i 4500
001 110433
003 ES-MaACL
005 20230906185042.0
007 t|
008 061121s1932 fr r ||||1| fre d
245 0 0 _aA qui le bon droit, Chine ou Japon?
_b: opinion mondiale sur le conflit sino-japonais /
_cpubliƩ par les Etudiants de l'Institut Franco-Chinois de Lyon.
260 _aLyon :
_b[s.n.],
_c1932 (
_fImpr. M. Camus)
300 _a62 p. ;
_c21 cm.
650 _aJaponeses-
_zManchuria.
_9153661
651 _aManchuria (China, Región)-
_xHistoria-
_y1931-1945.
_9173005
852 _aES-MaACL
_j1774-F-4
999 _c110433
_d110433